|
|
|
|
| LEADER |
00000nam0a2200000 4500 |
| 001 |
276952 |
| 005 |
20231101234953.0 |
| 035 |
|
|
|a (RuTPU)RU\TPU\book\300225
|
| 090 |
|
|
|a 276952
|
| 100 |
|
|
|a 20141127d1968 km y0rusy50 ca
|
| 101 |
0 |
|
|a rus
|
| 102 |
|
|
|a RU
|
| 105 |
|
|
|a a z 001zy
|
| 200 |
1 |
|
|a Метод расчета потенциальных полей в пространстве и его применение в разведочной геофизике
|f Н. Л. Афанасьев
|g Днепропетровский горный институт (ДГИ)
|
| 210 |
|
|
|a Москва
|c Недра
|d 1968
|
| 215 |
|
|
|a 144 с.
|c ил.
|
| 320 |
|
|
|a Библиогр.: с. 138-142.
|
| 606 |
1 |
|
|a Геофизическая разведка
|2 stltpush
|3 (RuTPU)RU\TPU\subj\6259
|9 34187
|
| 610 |
1 |
|
|a потенциальные поля
|
| 610 |
1 |
|
|a расчет
|
| 610 |
1 |
|
|a аномалии
|
| 610 |
1 |
|
|a классификация
|
| 610 |
1 |
|
|a гравитационное поле
|
| 610 |
1 |
|
|a магнитное поле
|
| 610 |
1 |
|
|a интерпретация
|
| 675 |
|
|
|a 550.83
|v 3
|
| 700 |
|
1 |
|a Афанасьев
|b Н. Л.
|g Николай Лаврентьевич
|
| 712 |
0 |
2 |
|a Днепропетровский горный институт (ДГИ)
|c (1923-1993)
|2 stltpush
|3 (RuTPU)RU\TPU\col\13485
|
| 801 |
|
1 |
|a RU
|b 63413507
|c 20141127
|
| 801 |
|
2 |
|a RU
|b 63413507
|c 20150331
|g RCR
|
| 942 |
|
|
|c BK
|